[Event "Samara Polugaevsky Memorial 9th"]
[Site "Samara"]
[Date "2019.07.10"]
[Round "1"]
[White "Yeletsky, Ivan"]
[Black "Ekimov, Vyacheslav"]
[Result "1/2-1/2"]
[WhiteElo "2464"]
[BlackElo "1900"]
[PlyCount "154"]
[EventDate "2019.07.10"]
[EventType "swiss"]
[EventRounds "9"]
[EventCountry "RUS"]
[SourceTitle "EXT 2020"]
[Source "ChessBase"]
[SourceDate "2019.10.17"]
[SourceVersion "1"]
[SourceVersionDate "2019.10.17"]
[SourceQuality "1"]

1. e4 c6 2. d4 d5 3. e5 Bf5 4. Nf3 e6 5. Be2 Nd7 6. 0-0 h6 7. Nbd2 Ne7 8. Re1 Qc7 9. c3 g5 10. Nf1 Bg6 11. Ng3 Bg7 12. Bd3 0-0 13. h4 g4 14. Nh2 h5 15. Bg5 Rae8 16. Qc2 Qd8 17. Bxg6 fxg6 18. Bxe7 Qxe7 19. Qxg6 Qxh4 20. Rf1 Re7 21. Nxh5 Rf5 22. Nxg7 Rxg7 23. Qxe6+ Rff7 24. Rae1 Nf8 25. Qc8 Rd7 26. Qb8 Rd8 27. g3 Qxh2+ 28. Kxh2 Rxb8 29. Kg2 Ne6 30. Rh1 Re8 31. Rh6 Kf7 32. Reh1 Ke7 33. Rf6 Ng5 34. Rhh6 Ne4 35. Re6+ Kd7 36. Rxe8 Kxe8 37. Rh8+ Kf7 38. Rh6 Ke7 39. f4 gxf3+ 40. Kxf3 Rxg3+ 41. Kf4 Rg7 42. a4 Rf7+ 43. Ke3 Ng5 44. Rh8 Rf8 45. Rh5 Ne6 46. Rh7+ Rf7 47. Rh8 Nf8 48. Rh2 Rg7 49. Kd3 a5 50. Kc2 Nd7 51. Rh6 Nb6 52. b3 Nd7 53. Kb2 Nf8 54. Rh2 Ne6 55. Rh8 Nf8 56. Rh2 Rg3 57. Kc2 Rf3 58. Kb2 Ke6 59. Rh6+ Kf7 60. Rh2 Kg7 61. Kc2 Rg3 62. Kb2 Ne6 63. Rd2 Nf4 64. Rd1 Kg6 65. Rf1 Kf5 66. Rh1 Rh3 67. Rf1 b6 68. Rg1 Rh2+ 69. Ka3 Rh6 70. Rg8 Ke4 71. b4 axb4+ 72. Kxb4 Nd3+ 73. Kb3 c5 74. Rg4+ Nf4 75. Rg1 Nd3 76. Rg4+ Kf3 77. Rg8 Ke4 1/2-1/2